000 00686nam a2200229Ia 4500
003 OSt
005 20230413123626.0
008 210423s2018 xx 000 0 und d
020 _a978-81-775-8130-0
040 _cAL
041 _aeng
082 _a546
_223
_bHUHI
100 _aHUHEEY (James E);KEITER (Ellen A);KEITER (Richard L);MEDHI (Okhil K)
_986800
245 _aInorganic chemistry: principles of structure and reactivity Ed 4
250 _a4
260 _aNoida
_bPearson
_c2018
300 _axviii,808
_bPB
365 _b909
_cINR
650 _aInorganic Chemistry
_986801
906 _achemistry: ; Inorganic ; principles ; reactivity ; structure
942 _2ddc
_cBK
999 _c169741
_d169741